[Event "Aragon-chT Honor Descenso"]
[Site "Aragon"]
[Date "2023.04.01"]
[Round "10.22"]
[White "Zambrana Petisme, Ramiro"]
[Black "Pellicer Cemeli, Jose Luis"]
[Result "1/2-1/2"]
[WhiteElo "2143"]
[BlackElo "1955"]
[PlyCount "98"]
[EventDate "2023.03.18"]
[EventType "team-tourn"]
[EventRounds "10"]
[EventCountry "ESP"]
[SourceTitle "EXT 2024"]
[Source "ChessBase"]
[SourceDate "2023.10.10"]
[SourceVersion "1"]
[SourceVersionDate "2023.10.10"]
[SourceQuality "1"]
[WhiteTeam "Palacio de Pioneros II"]
[BlackTeam "La Aurora Estadilla"]
[WhiteTeamCountry "ESP"]
[BlackTeamCountry "ESP"]

1. e4 c5 2. Nf3 g6 3. d4 cxd4 4. Qxd4 Nf6 5. Nc3 Nc6 6. Qa4 Bg7 7. e5 Ng8 8. Bf4 g5 9. Bg3 h5 10. h3 Nh6 11. 0-0-0 Nf5 12. Bc4 Nxg3 13. fxg3 Nxe5 14. Rhf1 Nxf3 15. Rxf3 0-0 16. Ne4 Qb6 17. Bb3 g4 18. Rf5 Qh6+ 19. Kb1 e6 20. Ra5 d5 21. Nd6 Qe3 22. Nxc8 Rfxc8 23. Qf4 Qxf4 24. gxf4 gxh3 25. gxh3 Bh6 26. f5 Kg7 27. Ra4 Kf6 28. fxe6 fxe6 29. Rf1+ Ke7 30. a3 Bg5 31. Re1 Kd6 32. c4 dxc4 33. Bxc4 e5 34. Be2 h4 35. Rd1+ Ke7 36. Bf3 Rc7 37. Rd3 b5 38. Rg4 Rg8 39. Rd5 Kf6 40. Rxb5 Rd8 41. Ra5 Rd6 42. Rga4 Rc1+ 43. Ka2 Rb6 44. Ra6 Rc2 45. Rxb6+ axb6 46. Rb4 Be3 47. Rxh4 Bd4 48. a4 Rxb2+ 49. Ka3 Rf2 1/2-1/2

[Event "Aragon-chT Honor Gr II"]
[Site "Aragon"]
[Date "2023.02.25"]
[Round "5.22"]
[White "Ramiro Ovejero, Juan Luis"]
[Black "Zambrana Petisme, Ramiro"]
[Result "1-0"]
[WhiteElo "2298"]
[BlackElo "2143"]
[PlyCount "45"]
[EventDate "2023.01.28"]
[EventType "team-tourn"]
[EventRounds "7"]
[EventCountry "ESP"]
[SourceTitle "EXT 2024"]
[Source "ChessBase"]
[SourceDate "2023.10.10"]
[SourceVersion "1"]
[SourceVersionDate "2023.10.10"]
[SourceQuality "1"]
[WhiteTeam "Jaime Casas"]
[BlackTeam "Palacio de Pioneros II"]
[WhiteTeamCountry "ESP"]
[BlackTeamCountry "ESP"]

1. e4 c5 2. Nf3 d6 3. Bb5+ Nd7 4. 0-0 a6 5. Bxd7+ Bxd7 6. d4 cxd4 7. Qxd4 Nf6 8. Bg5 Bc6 9. Nc3 e6 10. Nd5 exd5 11. exd5 Bxd5 12. Bxf6 Qxf6 13. Qxd5 Be7 14. Qxb7 0-0 15. Rfe1 Rfe8 16. c3 Rab8 17. Qc6 Kf8 18. Re2 a5 19. Rae1 Rec8 20. Qd7 Re8 21. h3 d5 22. Nd4 Rb6 23. Rxe7 1-0

[Event "ESP-chT CECLUB Div2"]
[Site "Linares"]
[Date "2022.08.23"]
[Round "2.6"]
[White "Camacho Collados, Jose"]
[Black "Zambrana Petisme, Ramiro"]
[Result "1-0"]
[WhiteElo "2405"]
[BlackElo "2128"]
[PlyCount "155"]
[EventDate "2022.08.22"]
[EventType "team-swiss"]
[EventRounds "7"]
[EventCountry "ESP"]
[SourceTitle "CBM 209 Extra"]
[Source "ChessBase"]
[SourceDate "2022.09.30"]
[SourceVersion "1"]
[SourceVersionDate "2022.09.30"]
[SourceQuality "1"]
[WhiteTeam "Nazari Area F5"]
[BlackTeam "Palacio de Pioneros"]
[WhiteTeamCountry "ESP"]
[BlackTeamCountry "ESP"]

1. Nf3 g6 2. g3 Bg7 3. Bg2 Nf6 4. b3 c5 5. Bb2 d5 6. c4 dxc4 7. bxc4 0-0 8. 0-0 Nc6 9. d3 Qb6 10. Qc1 Bg4 11. Nbd2 Bh6 12. Rb1 Qa6 13. Bxf6 exf6 14. Qb2 Bxf3 15. Bxf3 Bxd2 16. Qxd2 Rab8 17. Rb5 Ne5 18. Rxc5 Nxf3+ 19. exf3 Rbd8 20. Rb1 Qa3 21. Ra5 Rxd3 22. Rxa3 Rxd2 23. Rxa7 Re8 24. a3 Ree2 25. Rf1 Rc2 26. Rxb7 Rxc4 27. Rd1 Rcc2 28. Rd8+ Kg7 29. Rdd7 Rxf2 30. Rxf7+ Kg8 31. Rg7+ Kf8 32. Rxh7 Kg8 33. Rhd7 Rg2+ 34. Kf1 Rcf2+ 35. Ke1 Re2+ 36. Kd1 Re8 37. Rd2 Rg1+ 38. Kc2 Rc8+ 39. Kb2 Rf1 40. f4 Rf3 41. a4 g5 42. fxg5 fxg5 43. Rb5 Ra8 44. Rxg5+ Kf8 45. Rg4 Kf7 46. Rb4 Rf5 47. h4 Rf1 48. h5 Rf3 49. g4 Rg3 50. Rh2 Kg7 51. h6+ Kh7 52. Rb7+ Kh8 53. Rb4 Kh7 54. Rh4 Ra7 55. Rb3 Rg2+ 56. Ka3 Rg1 57. Kb2 Rg2+ 58. Ka3 Rg1 59. Rb4 Ra1+ 60. Kb2 R1xa4 61. Rxa4 Rxa4 62. Kc3 Re4 63. Kd3 Re6 64. g5 Re7 65. Re4 Ra7 66. Re6 Ra1 67. Re7+ Kg8 68. g6 Ra8 69. Ke4 Ra4+ 70. Kf5 Ra5+ 71. Kf6 Ra6+ 72. Re6 Ra8 73. Re5 Ra6+ 74. Kg5 Ra8 75. Rf5 Rb8 76. h7+ Kg7 77. Rf7+ Kh8 78. Kh6 1-0

[Event "Aragon-chT Honor Descenso"]
[Site "Aragon"]
[Date "2020.06.27"]
[Round "9.5"]
[White "Luis Vitalla, Fernando Maria"]
[Black "Zambrana Petisme, Ramiro"]
[Result "1-0"]
[WhiteElo "2115"]
[BlackElo "2107"]
[PlyCount "81"]
[EventDate "2020.06.27"]
[EventType "team-tourn"]
[EventRounds "10"]
[EventCountry "ESP"]
[SourceTitle "EXT 2024"]
[Source "ChessBase"]
[SourceDate "2023.10.10"]
[SourceVersion "1"]
[SourceVersionDate "2023.10.10"]
[SourceQuality "1"]
[WhiteTeam "Huesca Club Atletismo"]
[BlackTeam "Palacio de Pioneros II"]
[WhiteTeamCountry "ESP"]
[BlackTeamCountry "ESP"]

1. d4 Nf6 2. Bf4 g6 3. Nc3 d5 4. e3 Bf5 5. Be2 c6 6. g4 Be6 7. Bf3 Bg7 8. h4 h5 9. g5 Nfd7 10. Nge2 Nb6 11. b3 a5 12. Nc1 N8d7 13. Nd3 Rc8 14. Qd2 a4 15. 0-0 c5 16. Nb5 cxd4 17. exd4 0-0 18. Rfe1 Bf5 19. c3 Re8 20. Re2 Bxd3 21. Qxd3 Nf8 22. Na7 Ra8 23. Nb5 Rc8 24. Rae1 Qd7 25. Kg2 axb3 26. axb3 Ne6 27. Rxe6 fxe6 28. Qxg6 Rf8 29. Be5 Rf7 30. Bxg7 Rxg7 31. Qxe6+ Qxe6 32. Rxe6 Rc6 33. Re5 e6 34. Bxh5 Nd7 35. Re3 Nf8 36. Kg3 Rb6 37. c4 dxc4 38. bxc4 Rc6 39. c5 b6 40. Bf3 Rc8 41. cxb6 1-0

[Event "Aragon-chT Honor Gr-I"]
[Site "Aragon"]
[Date "2020.02.01"]
[Round "2.25"]
[White "Zambrana Petisme, Ramiro"]
[Black "Escartin Lacasa, Jose"]
[Result "1-0"]
[WhiteElo "2107"]
[BlackElo "2125"]
[PlyCount "43"]
[EventDate "2020.01.25"]
[EventType "team-tourn"]
[EventRounds "7"]
[EventCountry "ESP"]
[SourceTitle "EXT 2022"]
[Source "ChessBase"]
[SourceDate "2021.10.06"]
[SourceVersion "1"]
[SourceVersionDate "2021.10.06"]
[SourceQuality "1"]
[WhiteTeam "Palacio de Pioneros II"]
[BlackTeam "Jaque"]
[WhiteTeamCountry "ESP"]
[BlackTeamCountry "ESP"]

1. e4 c5 2. Nf3 e6 3. d4 cxd4 4. Nxd4 Nf6 5. Nc3 Nc6 6. Ndb5 d6 7. Bf4 e5 8. Bg5 a6 9. Na3 Be6 10. Nc4 Rb8 11. a3 b5 12. Bxf6 gxf6 13. Ne3 Bh6 14. Bd3 b4 15. Ncd5 bxa3 16. Rxa3 Rxb2 17. Rxa6 Bxe3 18. Rxc6 Qa5+ 19. Ke2 Rb1 20. Ra6 Rxd1 21. Rxa5 Rxh1 22. Ra8+ 1-0

[Event "Aragon-chT Honor Gr-I"]
[Site "Aragon"]
[Date "2020.01.25"]
[Round "1.25"]
[White "Zambrana Petisme, Ramiro"]
[Black "Garcia Fernandez, Javier"]
[Result "1/2-1/2"]
[WhiteElo "2107"]
[BlackElo "2171"]
[PlyCount "118"]
[EventDate "2020.01.25"]
[EventType "team-tourn"]
[EventRounds "7"]
[EventCountry "ESP"]
[SourceTitle "EXT 2022"]
[Source "ChessBase"]
[SourceDate "2021.10.06"]
[SourceVersion "1"]
[SourceVersionDate "2021.10.06"]
[SourceQuality "1"]
[WhiteTeam "Palacio de Pioneros II"]
[BlackTeam "Teruel"]
[WhiteTeamCountry "ESP"]
[BlackTeamCountry "ESP"]

1. e4 e5 2. Nf3 Nc6 3. Bc4 Nf6 4. d3 Bc5 5. c3 a6 6. Nbd2 d6 7. Nf1 0-0 8. Ng3 Ba7 9. Bb3 h6 10. 0-0 Re8 11. Be3 Be6 12. Re1 Bxe3 13. fxe3 d5 14. exd5 Nxd5 15. d4 Nf6 16. Qc2 Bg4 17. h3 Bxf3 18. gxf3 Na5 19. Rad1 Qc8 20. Kh2 Nxb3 21. Qxb3 e4 22. f4 c6 23. Rg1 Qe6 24. c4 b5 25. d5 bxc4 26. dxe6 cxb3 27. exf7+ Kxf7 28. Nf5 bxa2 29. Nd6+ Kf8 30. Nxe8 Rxe8 31. Ra1 Nd5 32. Rxa2 Nxe3 33. Rxa6 Rb8 34. Rxc6 Rxb2+ 35. Kh1 Rf2 36. Rc8+ Kf7 37. Rc7+ Kf6 38. Rgxg7 Rf1+ 39. Kh2 Rf2+ 40. Kh1 Rf1+ 41. Rg1 Rxf4 42. Rc6+ Ke5 43. Rxh6 Nf5 44. Ra6 e3 45. Ra3 Rf2 46. Rg2 Rf1+ 47. Kh2 Kf4 48. h4 Kf3 49. h5 Rf2 50. Rxf2+ Kxf2 51. Kh3 e2 52. Ra2 Kf3 53. Rxe2 Kxe2 54. Kg4 Nh6+ 55. Kg5 Nf7+ 56. Kf6 Nh6 57. Kg6 Ng4 58. Kg5 Kf3 59. h6 Nxh6 1/2-1/2

[Event "Andorra op 37th"]
[Site "Escaldes"]
[Date "2019.08.03"]
[Round "8"]
[White "Zambrana Petisme, Ramiro"]
[Black "Rendle, Thomas E"]
[Result "1/2-1/2"]
[WhiteElo "2108"]
[BlackElo "2372"]
[PlyCount "42"]
[EventDate "2019.07.27"]
[EventType "swiss"]
[EventRounds "9"]
[EventCountry "AND"]
[SourceTitle "CBM 191 Extra"]
[Source "ChessBase"]
[SourceDate "2019.09.30"]
[SourceVersion "1"]
[SourceVersionDate "2019.09.30"]
[SourceQuality "1"]

1. e4 e6 2. d4 d5 3. Nd2 Be7 4. Ngf3 Nf6 5. e5 Nfd7 6. Bd3 c5 7. c3 Nc6 8. 0-0 g5 9. dxc5 Ndxe5 10. Nxe5 Nxe5 11. Bb5+ Bd7 12. Bxd7+ Qxd7 13. Nf3 Nxf3+ 14. Qxf3 e5 15. Rd1 e4 16. Qe2 Qe6 17. a4 0-0 18. Qh5 Rad8 19. Be3 Qg6 20. Qxg6+ hxg6 21. c6 bxc6 1/2-1/2

[Event "Andorra op 37th"]
[Site "Escaldes"]
[Date "2019.08.02"]
[Round "7"]
[White "Fernandez de Bobadilla, Gabriel"]
[Black "Zambrana Petisme, Ramiro"]
[Result "0-1"]
[WhiteElo "2231"]
[BlackElo "2108"]
[PlyCount "70"]
[EventDate "2019.07.27"]
[EventType "swiss"]
[EventRounds "9"]
[EventCountry "AND"]
[SourceTitle "CBM 191 Extra"]
[Source "ChessBase"]
[SourceDate "2019.09.30"]
[SourceVersion "1"]
[SourceVersionDate "2019.09.30"]
[SourceQuality "1"]

1. d4 Nf6 2. c4 g6 3. Nc3 Bg7 4. Nf3 d6 5. Bg5 0-0 6. e3 c5 7. d5 Na6 8. Be2 Nc7 9. 0-0 h6 10. Bh4 g5 11. Bg3 Nh5 12. Nd2 Nxg3 13. hxg3 a6 14. a4 Rb8 15. Ra2 Bd7 16. a5 b5 17. axb6 Rxb6 18. f4 e6 19. dxe6 fxe6 20. Nde4 Ne8 21. Qd2 gxf4 22. gxf4 e5 23. Nd5 Rb8 24. g3 exf4 25. gxf4 Bf5 26. Bf3 Kh8 27. Rf2 Bxe4 28. Bxe4 Nf6 29. Bb1 Nxd5 30. Qxd5 Qe7 31. Qd3 Bf6 32. Kf1 Rg8 33. Rxa6 Qg7 34. b3 Bh4 35. Rfa2 Qg1+ 0-1

[Event "Andorra op 37th"]
[Site "Escaldes"]
[Date "2019.07.28"]
[Round "2"]
[White "Hansen, Mads"]
[Black "Zambrana Petisme, Ramiro"]
[Result "1-0"]
[WhiteElo "2406"]
[BlackElo "2108"]
[PlyCount "107"]
[EventDate "2019.07.27"]
[EventType "swiss"]
[EventRounds "9"]
[EventCountry "AND"]
[SourceTitle "CBM 191 Extra"]
[Source "ChessBase"]
[SourceDate "2019.09.30"]
[SourceVersion "1"]
[SourceVersionDate "2019.09.30"]
[SourceQuality "1"]

1. e4 c5 2. Nf3 Nc6 3. d4 cxd4 4. Nxd4 g6 5. c4 Bg7 6. Be3 Nf6 7. Nc3 d6 8. Be2 0-0 9. 0-0 Bd7 10. h3 a6 11. Nc2 Rb8 12. Na3 Nb4 13. Qb3 Qa5 14. Bd2 Nc6 15. Be3 Nb4 16. Bf3 Rfc8 17. Rac1 Nd3 18. Rb1 Nc5 19. Qd1 Bc6 20. Nd5 Bxd5 21. exd5 Ncd7 22. Ba7 Ra8 23. Bd4 b5 24. Re1 Bf8 25. Qe2 bxc4 26. Rbc1 Nb6 27. Bxb6 Qxb6 28. Rxc4 Rxc4 29. Nxc4 Qb5 30. Na3 Qxe2 31. Rxe2 Rc8 32. Rc2 Rxc2 33. Nxc2 Nd7 34. b4 Bg7 35. a4 Bc3 36. a5 Kf8 37. Be2 Nb8 38. Bc4 e6 39. Kf1 Ke7 40. Ke2 exd5 41. Bxd5 f5 42. Kd3 Be5 43. Kc4 f4 44. b5 axb5+ 45. Kxb5 Kd8 46. a6 Nxa6 47. Kxa6 Ke7 48. Kb5 h5 49. Kc6 g5 50. Bf3 h4 51. Kd5 Bc3 52. Bg4 Ba5 53. Nd4 Bb6 54. Nf5+ 1-0

[Event "Aragon-chT Honor Gr-A"]
[Site "Aragon"]
[Date "2019.02.02"]
[Round "2.9"]
[White "Zambrana Petisme, Ramiro"]
[Black "Lana Rodriguez, David"]
[Result "0-1"]
[WhiteElo "2109"]
[BlackElo "2334"]
[PlyCount "116"]
[EventDate "2019.01.26"]
[EventType "team-tourn"]
[EventRounds "7"]
[EventCountry "ESP"]
[SourceTitle "EXT 2020"]
[Source "ChessBase"]
[SourceDate "2019.10.17"]
[SourceVersion "1"]
[SourceVersionDate "2019.10.17"]
[SourceQuality "1"]
[WhiteTeam "Palacio de Pioneros II"]
[BlackTeam "Agrupacion"]
[WhiteTeamCountry "ESP"]
[BlackTeamCountry "ESP"]

1. e4 c5 2. Nf3 Nc6 3. d4 cxd4 4. Nxd4 e5 5. Nb5 d6 6. N1c3 a6 7. Na3 b5 8. Nd5 f5 9. Bd3 Nf6 10. Bg5 Be7 11. Bxf6 Bxf6 12. exf5 0-0 13. Bxb5 axb5 14. Nxf6+ Qxf6 15. Qd5+ Rf7 16. Nxb5 Ra5 17. Qxc6 Bd7 18. Qxd6 Bxb5 19. Qxf6 Rxf6 20. g4 Bc6 21. Rg1 Bf3 22. Kd2 Ra4 23. h3 Re4 24. Rae1 Rd6+ 25. Kc1 Red4 26. b3 e4 27. h4 Rd2 28. Rgf1 Kf7 29. g5 R2d5 30. f6 gxf6 31. gxf6 Rxf6 32. c4 Rd3 33. Re3 Rxe3 34. fxe3 Rh6 35. b4 Rxh4 36. Rf2 Rh1+ 37. Kb2 Ke6 38. Kc3 Re1 39. Kd4 h5 40. b5 Kd7 41. Rd2 Kc7 42. Kc5 Rd1 43. b6+ Kb7 44. Rb2 Rd8 45. a4 Bg4 46. a5 Be6 47. Kb5 Bd7+ 48. Kc5 Ra8 49. Kd6 Ba4 50. c5 Rd8+ 51. Ke5 Bc6 52. Rg2 Ka6 53. Rg7 Kxa5 54. Rc7 Kb5 55. b7 Rb8 56. Rh7 Rxb7 57. Rxh5 Kxc5 58. Rh6 Re7+ 0-1

[Event "Aragon-chT Preferente Gr II"]
[Site "Aragon"]
[Date "2018.03.03"]
[Round "6.66"]
[White "Zambrana Petisme, Ramiro"]
[Black "Gracia Campo, Carlos Alberto"]
[Result "1-0"]
[WhiteElo "2066"]
[BlackElo "2058"]
[PlyCount "97"]
[EventDate "2018.01.27"]
[EventType "team-tourn"]
[EventRounds "9"]
[EventCountry "ESP"]
[SourceTitle "EXT 2019"]
[Source "ChessBase"]
[SourceDate "2018.10.10"]
[SourceVersion "1"]
[SourceVersionDate "2018.10.10"]
[SourceQuality "1"]
[WhiteTeam "Palacio de Pioneros II"]
[BlackTeam "El Olivar II"]
[WhiteTeamCountry "ESP"]
[BlackTeamCountry "ESP"]

1. e4 d6 2. d4 Nf6 3. Nc3 g6 4. f4 Bg7 5. Nf3 0-0 6. e5 dxe5 7. fxe5 Nd5 8. Bc4 Nb6 9. Bb3 Nc6 10. a4 a5 11. h3 h6 12. 0-0 Kh7 13. Bf4 Nb4 14. Qe2 Be6 15. Bxe6 fxe6 16. Bg3 N4d5 17. Ne4 Nf4 18. Bxf4 Rxf4 19. Nfg5+ Kg8 20. Rxf4 Qxd4+ 21. Qf2 Qxb2 22. Rf1 Nd5 23. c4 Qxf2+ 24. R4xf2 Ne3 25. Re1 Nxc4 26. Nxe6 Bxe5 27. Rc2 Nb6 28. N4c5 Bd6 29. Re4 Nd5 30. Nxb7 Bb4 31. Nf4 Nc3 32. Rc4 g5 33. Nd3 Nd5 34. Nxb4 axb4 35. Rd2 e6 36. Nc5 Kf7 37. Ra2 Ra5 38. Nb3 Ra7 39. a5 Ke7 40. Re2 Kd6 41. Rce4 Nf4 42. Rd2+ Ke7 43. Rxb4 Nd5 44. Re4 c6 45. g3 Rb7 46. Rxe6+ Kf7 47. Rxc6 Ne7 48. Rb6 Rc7 49. a6 1-0

[Event "Aragon-chT Preferente B"]
[Site "Aragon"]
[Date "2017.02.11"]
[Round "3.60"]
[White "Zambrana Petisme, Ramiro"]
[Black "Martinez Ramis, Rafael"]
[Result "1-0"]
[WhiteElo "2042"]
[BlackElo "1351"]
[PlyCount "81"]
[EventDate "2017.01.28"]
[EventType "team-tourn"]
[EventRounds "9"]
[EventCountry "ESP"]
[SourceTitle "EXT 2018"]
[Source "ChessBase"]
[SourceDate "2017.10.13"]
[SourceVersion "1"]
[SourceVersionDate "2017.10.13"]
[SourceQuality "1"]
[WhiteTeam "Palacio de Pioneros II"]
[BlackTeam "St Casablanca IV"]
[WhiteTeamCountry "ESP"]
[BlackTeamCountry "ESP"]

1. e4 c5 2. Nf3 d6 3. d4 cxd4 4. Nxd4 Nf6 5. Nc3 g6 6. Be3 Bg7 7. f3 a6 8. Qd2 Nc6 9. 0-0-0 0-0 10. Kb1 b5 11. Nxc6 Qc7 12. Nb4 Bd7 13. Nbd5 Nxd5 14. Nxd5 Qb7 15. Nxe7+ Kh8 16. Bd4 f6 17. h4 Be6 18. Nd5 Bxd5 19. exd5 Qxd5 20. Bxf6 Qxd2 21. Bxg7+ Kxg7 22. Rxd2 Rfe8 23. Bd3 b4 24. Be4 Rad8 25. Rhd1 Re6 26. Rd4 a5 27. Rd5 a4 28. Rb5 b3 29. axb3 axb3 30. Rxb3 Re5 31. Rd5 Kf6 32. Rxe5 dxe5 33. Rb6+ Kg7 34. Rb7+ Kh6 35. g4 Rh8 36. h5 Kg5 37. hxg6 hxg6 38. Rg7 Rh6 39. Rxg6+ Rxg6 40. Bxg6 Kxg6 41. b4 1-0

[Event "Aragon-chT Preferente B"]
[Site "Aragon"]
[Date "2015.03.14"]
[Round "8.63"]
[White "Peris Laorden, Gerardo"]
[Black "Zambrana Petisme, Ramiro"]
[Result "0-1"]
[WhiteElo "1784"]
[BlackElo "1908"]
[PlyCount "80"]
[EventDate "2015.01.24"]
[EventType "team-tourn"]
[EventRounds "9"]
[EventCountry "ESP"]
[SourceTitle "EXT 2017"]
[Source "ChessBase"]
[SourceDate "2016.10.25"]
[SourceVersion "1"]
[SourceVersionDate "2016.10.25"]
[SourceQuality "1"]
[WhiteTeam "Santa Isabel"]
[BlackTeam "St Casablanca IV"]
[WhiteTeamCountry "ESP"]
[BlackTeamCountry "ESP"]

1. Nf3 Nf6 2. c4 g6 3. Nc3 Bg7 4. e4 d6 5. d4 0-0 6. Be2 e5 7. d5 Na6 8. 0-0 Nc5 9. Qc2 a5 10. Bg5 h6 11. Be3 b6 12. Nd2 Ng4 13. Bxg4 Bxg4 14. a3 f5 15. f3 Bh5 16. b4 Nd7 17. Nb3 f4 18. Bf2 g5 19. h3 axb4 20. axb4 Qe7 21. Nb5 Nf6 22. c5 Qd7 23. Na7 bxc5 24. bxc5 Bf7 25. cxd6 cxd6 26. Rfc1 h5 27. Qc6 Qe7 28. Qc7 Qxc7 29. Rxc7 g4 30. hxg4 hxg4 31. Bh4 gxf3 32. gxf3 Bh5 33. Kf2 Rfb8 34. Rg1 Ne8 35. Rgxg7+ Nxg7 36. Bf6 Ne8 37. Bxe5 Nxc7 38. Bxd6 Rxb3 39. Bxc7 Rxa7 40. d6 Ra2+ 0-1

[Event "Aragon-ch"]
[Site "Zaragoza"]
[Date "2012.08.30"]
[Round "6"]
[White "Subira Navarro, Oscar"]
[Black "Zambrana Petisme, Ramiro"]
[Result "1-0"]
[WhiteElo "1656"]
[BlackElo "1728"]
[PlyCount "101"]
[EventDate "2012.08.25"]
[EventType "swiss"]
[EventRounds "9"]
[EventCountry "ESP"]
[SourceTitle "EXT 2024"]
[Source "ChessBase"]
[SourceDate "2023.10.10"]
[SourceVersion "1"]
[SourceVersionDate "2023.10.10"]
[SourceQuality "1"]

1. b4 Nf6 2. Bb2 e6 3. e3 Bxb4 4. Nf3 0-0 5. a3 Be7 6. d4 d5 7. c4 Nbd7 8. Nc3 b6 9. Rc1 a6 10. Bd3 Bb7 11. 0-0 Bd6 12. Qc2 Qe7 13. cxd5 exd5 14. a4 Ne4 15. Qb3 Ndf6 16. Bxe4 dxe4 17. Nd2 Bxh2+ 18. Kxh2 Ng4+ 19. Kg3 h5 20. Ndxe4 Bxe4 21. Nxe4 Qxe4 22. Rh1 Qg6 23. Kf3 Nf6 24. Ke2 Qg4+ 25. Kf1 Ne4 26. Qc2 Qf5 27. Ke1 Qg6 28. f3 Qg3+ 29. Kf1 Nf6 30. Qf5 Rfe8 31. e4 Qg6 32. Qxg6 fxg6 33. Ke2 Rac8 34. Rc6 b5 35. a5 Ra8 36. Rhc1 Rec8 37. Rxc7 Rxc7 38. Rxc7 Kf8 39. Kd3 Ne8 40. Rc6 Nf6 41. d5 Nd7 42. Rc7 Rd8 43. Ke3 Nf6 44. Ba3+ Kg8 45. d6 Kh7 46. Kd4 Rb8 47. Bb4 g5 48. e5 Ne8 49. Rc6 Rd8 50. Kc5 Rb8 51. Rxa6 1-0